America's toughest sheriff : (Record no. 636)
[ view plain ]
| 000 -LEADER | |
|---|---|
| fixed length control field | 00870cam a2200265 a 4500 |
| 005 - DATE AND TIME OF LATEST TRANSACTION | |
| control field | 20260322212028.0 |
| 008 - FIXED-LENGTH DATA ELEMENTS--GENERAL INFORMATION | |
| fixed length control field | data |
| 010 ## - LIBRARY OF CONGRESS CONTROL NUMBER | |
| LC control number | 96003207 |
| 020 ## - INTERNATIONAL STANDARD BOOK NUMBER | |
| International Standard Book Number | 1565302028 (hardcover : alk. paper) |
| 020 ## - INTERNATIONAL STANDARD BOOK NUMBER | |
| International Standard Book Number | 9781565302020 (hardcover : alk. paper) |
| 040 ## - CATALOGING SOURCE | |
| Original cataloging agency | DLC |
| Transcribing agency | DLC |
| Modifying agency | DLC |
| 043 ## - GEOGRAPHIC AREA CODE | |
| Geographic area code | n-us-az |
| 050 00 - LIBRARY OF CONGRESS CALL NUMBER | |
| Classification number | HV7979 |
| Item number | .A78 1996 |
| 082 00 - DEWEY DECIMAL CLASSIFICATION NUMBER | |
| Classification number | 363.2/82/0973 |
| Edition information | 20 |
| 001 - CONTROL NUMBER | |
| control field | data |
| 100 1# - MAIN ENTRY--PERSONAL NAME | |
| Personal name | Arpaio, Joe, |
| Dates associated with a name | 1932- |
| 245 10 - TITLE STATEMENT | |
| Title | America's toughest sheriff : |
| Remainder of title | how to win the war against crime / |
| Statement of responsibility, etc. | Joe Arpaio & Len Sherman. |
| 260 ## - PUBLICATION, DISTRIBUTION, ETC. | |
| Place of publication, distribution, etc. | Arlington, Tex. : |
| Name of publisher, distributor, etc. | Summit Pub. Group, |
| Date of publication, distribution, etc. | c1996. |
| 300 ## - PHYSICAL DESCRIPTION | |
| Extent | xxii, 262 p., [8] p. of plates : |
| Other physical details | ill. ; |
| Dimensions | 24 cm. |
| 600 10 - SUBJECT ADDED ENTRY--PERSONAL NAME | |
| Personal name | Arpaio, Joe, |
| Dates associated with a name | 1932- |
| 650 #0 - SUBJECT ADDED ENTRY--TOPICAL TERM | |
| Topical term or geographic name entry element | Sheriffs |
| Geographic subdivision | Arizona |
| General subdivision | Case studies. |
| 650 #0 - SUBJECT ADDED ENTRY--TOPICAL TERM | |
| Topical term or geographic name entry element | Prisons |
| Geographic subdivision | Arizona |
| General subdivision | Case studies. |
| 650 #0 - SUBJECT ADDED ENTRY--TOPICAL TERM | |
| Topical term or geographic name entry element | Crime prevention |
| Geographic subdivision | Arizona |
| General subdivision | Case studies. |
| 700 1# - ADDED ENTRY--PERSONAL NAME | |
| Personal name | Sherman, Len, |
| Dates associated with a name | 1956- |
| Withdrawn status | Lost status | Damaged status | Not for loan | Home library | Current library | Shelving location | Date acquired | Total checkouts | Full call number | Barcode | Date last seen | Price effective from | Koha item type |
|---|---|---|---|---|---|---|---|---|---|---|---|---|---|
| Franklin | Franklin | General stacks | 22/03/2026 | 363.2/82/0973 20 | BC0010653 | 22/03/2026 | 22/03/2026 | Books |